| 000 | 00401nam a22001217a 4500 | ||
|---|---|---|---|
| 082 | _a200 THE | ||
| 100 |
_ashafaq Gul _969771 |
||
| 245 | _aTH-SOF-1627-Torque Control Strategy for Six Wheeled Skid Steered Vehicle with Articulated Suspension | ||
| 260 |
_aISLAMABAD _bNUST COLLEGE OF EME _c2019 |
||
| 650 | _aMS-ELECT-83 MSTHESIS | ||
| 700 |
_aSupervisor Dr. Fahad Mumtaz Malik _969772 |
||
| 942 | _cCF | ||
| 999 |
_c576904 _d576904 |
||